| 000 | 00885nam a2200229 a 4500 | ||
|---|---|---|---|
| 001 | 24187 | ||
| 003 | BD-RjUL | ||
| 005 | 20211209001023.0 | ||
| 008 | 140312r19691968enk 000 0 eng | ||
| 035 | _a(BD-RjUL)24253 | ||
| 040 |
_aUkOxU _beng _cBD-RjUL _dBD-RjUL |
||
| 041 | 1 | _aengrus | |
| 082 | 0 | 4 |
_218 _a901.9 _bSAP 1982 |
| 100 | 1 |
_aSakharov, Andreĭ, _d1921-1989 _974509 |
|
| 245 | 1 | 0 |
_aProgress, coexistence, and intellectual freedom / _cby Andrei D. Sakharov ; translated [from the Russian MS.] by The New York Times, with introduction, afterword, and notes by Harrison E. Salisbury. |
| 260 |
_aHarmondsworth : _bPenguin, _c1982. |
||
| 300 |
_a137 p. ; _c18 cm. |
||
| 500 | _aOriginally published in the New York Times, July 22, 1968. | ||
| 650 | 0 |
_aHuman rights _zSoviet Union. _974510 |
|
| 700 | 1 |
_aSalisbury, Harrison E. _q(Harrison Evans), _d1908-1993 _974511 |
|
| 942 |
_2ddc _cBK |
||
| 999 |
_c24187 _d24187 |
||